Regions of the world - Statistics

General Stats
  • This quiz has been taken 115 times
  • The average score is 9 of 13
Answer Stats
Countries Region % Correct
USA, Canada, Mexico North America
100%
Guatemala, Panama Central America
92%
Saudi Arabia, Iraq Middle East
88%
Serbia, Bosnia & Herzegovina Balkans
85%
Somalia, Ethiopia Horn of Africa
84%
D.R. Congo, Central African Republic Central Africa
72%
Cuba, Jamaica Caribbean
70%
Georgia, Azerbaijan Caucasus
70%
France, Spain Western Europe
62%
Vietnam, Cambodia Indochina
61%
Barbados, St Kitts & Nevis, Antigua & Barbuda Lesser Antilles
52%
Estonia, Sweden Baltics
48%
Vanuatu, Fiji Pacific Islands
18%
No matching quizzes found
Score Distribution
Percent of People with Each Score
Percentile by Number Answered
Your Score History
You have not taken this quiz